Theorie statistique des champs. T.2 /

محفوظ في:
التفاصيل البيبلوغرافية
المؤلف الرئيسي: Itzykson, Claude
التنسيق: كتاب
اللغة:Vietnamese
منشور في: InterÉditions ; CNRS Éditions 1989
الوسوم: إضافة وسم
لا توجد وسوم, كن أول من يضع وسما على هذه التسجيلة!
Thư viện lưu trữ: Mạng thư viện Đại học Đà Nẵng
LEADER 00659nam a2200265 4500
001 000027568
003 IT-C89
005 20150403120000.0
008 150403s vm 000 vie
020 |c 0,0000 
040 |a notts 
100 |a Itzykson, Claude 
245 |a Theorie statistique des champs. T.2 /  |c ClaudeItzykson, Jean-Michel Drouffe. 
260 |b InterÉditions ; CNRS Éditions  |c 1989 
OWN |a LTT 
999 |a From the UDN01 
TYP |a Monograph 
TYP |a Printed language 
980 |a Mạng thư viện Đại học Đà Nẵng